000 00933nam a2200289 i 4500
001 bg
003 BPK
005 20221228123411.0
008 991116s1982 pl |001 0 pol
015 _aPB 1982/6995
020 _a8320802156
040 _aWA N
_cBPK
041 0 _apol
_beng
_brus
080 _a338.2
080 _a711.1/.2
100 1 _aSecomski, Kazimierz
_d(1910-2002)
_eAutor
245 1 0 _aEkonomika regionalna /
_cKazimierz Secomski.
260 _aWarszawa :
_bPańst. Wydaw. Ekonomiczne,
_c1982.
300 _a324 s. ;
_c21 cm.
504 _aBibliogr. s. 305-311. - Indeksy.
546 _aStreszcz. ang., ros.
650 4 _aRegionalizacja gospodarcza
650 4 _aPlanowanie regionalne
710 2 _aPaństwowe Wydawnictwo Ekonomiczne
_4pbl.
856 _uhttp://koha.tu.koszalin.pl/cgi-bin/koha/opac-detail.pl?biblionumber=21158
_yKatalog online BPK
942 _2UKD
_cKS
999 _c21158
_d21158